Legorreta+legorreta / (Record no. 353949)
[ view plain ]
| 000 -LEADER | |
|---|---|
| fixed length control field | 01802nam a2200241 a 4500 |
| 001 - CONTROL NUMBER | |
| control field | ASIN3823855891 |
| 003 - CONTROL NUMBER IDENTIFIER | |
| control field | OSt |
| 005 - DATE AND TIME OF LATEST TRANSACTION | |
| control field | 20180116192422.0 |
| 008 - FIXED-LENGTH DATA ELEMENTS--GENERAL INFORMATION | |
| fixed length control field | 140509s2002 xxu eng d |
| 020 ## - INTERNATIONAL STANDARD BOOK NUMBER | |
| International Standard Book Number | 3823855891 (hardcover) |
| Terms of availability | $12.95 |
| 020 ## - INTERNATIONAL STANDARD BOOK NUMBER | |
| International Standard Book Number | 9783823855897 (hardcover) |
| 040 ## - CATALOGING SOURCE | |
| Transcribing agency | sada |
| 082 ## - DEWEY DECIMAL CLASSIFICATION NUMBER | |
| Classification number | 720.922 |
| Author Mark | LEG 2002 |
| 245 00 - TITLE STATEMENT | |
| Title | Legorreta+legorreta / |
| Statement of responsibility, etc. | edited Aurora Cuito. |
| 260 ## - PUBLICATION, DISTRIBUTION, ETC. | |
| Place of publication, distribution, etc. | [S.l.] : |
| Name of publisher, distributor, etc. | Te Neues Publishing Company, |
| Date of publication, distribution, etc. | 2002. |
| 300 ## - PHYSICAL DESCRIPTION | |
| Extent | 80 p. ; |
| Dimensions | 23 cm. |
| 490 1# - SERIES STATEMENT | |
| Series statement | Archipockets) (english, french, german and italian edition. |
| 520 ## - SUMMARY, ETC. | |
| Summary, etc. | In spite of its monumentality, the architecture of Legorreta + Legorreta is conceived for us to live in: it suits our needs, our appetites, and our emotions. Some of the best examples are seen in the vestibules of the Center of Visual Arts and of the Sheraton Hotel in Bilbao. Geometric pure and timeless forms instill rotundity and clarity into the complicated projects. Even in large complexes, like the Chiron Laboratories, or the Egade Graduate School, privacy and simplicity is preserved. The treatment of light also aids them in creating different spaces without any need of walls or separators. The application of color is a most important priority, especially in projects set in their native Mexico. There are tones that the architects use to dramatize spaces which intensify the personal experience of the people in the buildings. All of these ingredients integrate architecture, landscaping, and interior decoration into a single discipline that respects the place and the traditions. |
| 700 1# - ADDED ENTRY--PERSONAL NAME | |
| Personal name | Cuito, Aurora. |
| 9 (RLIN) | 7547 |
| 830 #0 - SERIES ADDED ENTRY--UNIFORM TITLE | |
| Uniform title | Archipockets) (english, french, german and italian edition. |
| 9 (RLIN) | 7548 |
| 856 40 - ELECTRONIC LOCATION AND ACCESS | |
| Materials specified | Amazon.com |
| Uniform Resource Identifier | <a href="http://www.amazon.com/exec/obidos/ASIN/3823855891/chopaconline-20">http://www.amazon.com/exec/obidos/ASIN/3823855891/chopaconline-20</a> |
| 942 ## - ADDED ENTRY ELEMENTS (KOHA) | |
| Source of classification or shelving scheme | |
| Koha item type | Book |
| Withdrawn status | Lost status | Source of classification or shelving scheme | Damaged status | Not for loan | Permanent Location | Current Location | Date acquired | Total Checkouts | Full call number | Barcode | Date last seen | Date last checked out | Cost, replacement price | Price effective from | Koha item type |
|---|---|---|---|---|---|---|---|---|---|---|---|---|---|---|---|
| School of Art Design and Architecture (SADA) | School of Art Design and Architecture (SADA) | 05/09/2014 | 3 | 720.922 LEG 2002 | SADA0002305 | 03/04/2026 | 03/02/2026 | 1506.53 | 05/09/2014 | Book |
